|
|
|
|
| LEADER |
01096nam a2200289 a 4500 |
| 001 |
000256987 |
| 003 |
CZ BrMZK |
| 005 |
20210507195417.0 |
| 007 |
ta |
| 008 |
960815s1997 xr g j cze d |
| 015 |
|
|
|a cnb000292873
|
| 035 |
|
|
|a (OCoLC)38974073
|
| 040 |
|
|
|a BOA001
|b cze
|
| 072 |
|
7 |
|a 821.162.3-3
|x Česká próza
|2 Konspekt
|9 25
|
| 080 |
|
|
|a 821.162.3-32
|2 MRF
|
| 080 |
|
|
|a (0:82-32)
|2 MRF
|
| 100 |
1 |
|
|a Janalík, František,
|d 1938-2007
|7 jk01050761
|4 aut
|
| 245 |
1 |
0 |
|a Jak jsem lezl Krakonošovi do zelí /
|c František Janalík ; [ilustroval Jiří Winter-Neprakta]
|
| 250 |
|
|
|a Vyd. 1.
|
| 260 |
|
|
|a Liberec :
|b LIT-Polygrafia,
|c 1997
|
| 300 |
|
|
|a 180 s. :
|b barev. il. ;
|c 21 cm
|
| 655 |
|
7 |
|a české příběhy
|7 fd133973
|2 czenas
|
| 700 |
1 |
|
|a Winter-Neprakta, Jiří,
|d 1924-2011
|7 jk01083186
|4 ill
|
| 856 |
4 |
1 |
|u http://www.digitalniknihovna.cz/mzk/uuid/uuid:7e7f4980-0ce6-11e4-8f64-005056827e52
|y Digitalizovaný dokument
|x NDK
|
| 910 |
|
|
|a BOA001
|b 2-1039.793
|
| 990 |
|
|
|a BK
|
| 996 |
6 |
|
|b 2610062271
|c 2-1039.793
|l MZK
|r Sklad / do 1 hodiny
|n 0
|p p.v.
|w 000256987
|u 000010
|a 1
|e BOA001
|j MZK50
|s P
|